| 000 | 01917cam a2200421Ma 4500 | ||
|---|---|---|---|
| 001 | ocn232347714 | ||
| 003 | TZ-ArACH | ||
| 005 | 20130510095618.0 | ||
| 008 | 970522s1996 fr b 100 0 fre d | ||
| 010 | _a 97154227 | ||
| 020 | _a2738449085 | ||
| 020 | _a9782738449085 | ||
| 035 | _a(OCoLC)232347714 | ||
| 040 |
_aLVB _bfre _cTZ-ArACH _dCHRRO |
||
| 041 | 0 |
_afre _beng _bger |
|
| 049 | _aTZAA | ||
| 050 | 0 | 0 |
_aK2146 _b.A6 |
| 082 | 0 | 0 |
_a340/.115 _221 |
| 110 | 2 |
_aAssociation franc̦aise d'anthropologie du droit. _bColloque _n(1er : _d1994 : _cParis, France) _99904 |
|
| 245 | 1 | 3 |
_aLe juge : une figure d'autorité : actes du premier colloque organisé par l'Association française d'anthropologie du droit, Paris 24-25-26 novembre 1994 / _bune figure d'autorité : actes du premier colloque organisé par l'Association française d'anthropologie du droit, Paris 24-25-26 novembre 1994 / _csous la direction de Claude Bontems. |
| 260 |
_aParis : _bL'Harmattan, _cc1996. |
||
| 300 |
_a685 p. ; _c22 cm. |
||
| 504 | _aBibliogr. | ||
| 546 | _aRésumés en anglais et en allemand. | ||
| 650 | 6 |
_aJuges _vCongrès. _99905 |
|
| 650 | 6 |
_aEthnologie juridique _vCongrès. _99906 |
|
| 650 | 6 |
_aEthnological jurispundence _vCongresses _99913 |
|
| 650 | 6 |
_aSociologie juridique _vCongrès. _99907 |
|
| 650 | 6 |
_aDroit et anthropologie _vCongrès. _99908 |
|
| 650 | 6 |
_aLaw and anthropology _vCongresses _99914 |
|
| 650 | 7 |
_aJuge _xPouvoir judiciaire _v[congrès] _2rero _99909 |
|
| 650 | 7 |
_aJuge _xPouvoir d'appréciation _v[congrès] _2rero _99910 |
|
| 650 | 7 |
_aAutorité _xJuge _xpouvoir d'appréciation _v[congrès] _99911 |
|
| 700 | 1 |
_aBontems, Claude. _99912 |
|
| 942 |
_2lcc _cBOOK |
||
| 999 |
_c2199 _d2199 |
||